JCT: Management Contractor Collateral Warranty for a Purchaser or Tenant 2016. (Record no. 121415)
[ view plain ]
| 000 -LEADER | |
|---|---|
| fixed length control field | 00741cam a2200193za 4500 |
| 005 - DATE AND TIME OF LATEST TRANSACTION | |
| control field | 20230403144338.0 |
| 008 - FIXED-LENGTH DATA ELEMENTS--GENERAL INFORMATION | |
| fixed length control field | 230403e201706uuxxk | |||||||0|0 eng|d |
| 020 ## - INTERNATIONAL STANDARD BOOK NUMBER | |
| ISBN | 9780414058309 (pbk.) : |
| 020 ## - INTERNATIONAL STANDARD BOOK NUMBER | |
| ISBN | 0414058305 (pbk.) : |
| Terms of availability | £36.74 |
| 041 ## - LANGUAGE CODE | |
| Language code of text/sound track or separate title | eng |
| 082 04 - DEWEY DECIMAL CLASSIFICATION NUMBER | |
| Classification number | 343.41078624 |
| 245 10 - TITLE STATEMENT | |
| Title | JCT: Management Contractor Collateral Warranty for a Purchaser or Tenant 2016. |
| Subtitle | MCWa/P&T 2016 |
| 260 ## - PUBLICATION INFORMATION | |
| Place of publication | London : |
| Publisher | Sweet & Maxwell : |
| -- | [distributor] Sweet & Maxwell Ltd : |
| -- | [distributor] Thomson Reuters : |
| -- | [distributor] Thomson Reuters : |
| -- | [distributor] Academic Marketing Services (Pty), |
| Date | 2017. |
| 490 ## - SERIES TITLE | |
| Series statement | JCT Contracts 2016 |
| 500 ## - GENERAL NOTE | |
| General note | Paperback. |
| 651 ## - SUBJECT ADDED ENTRY--GEOGRAPHIC NAME | |
| Geographic name | United Kingdom |
| 942 ## - ADDED ENTRY ELEMENTS (KOHA) | |
| Suppress in OPAC | Do not suppress in OPAC |
| Lost status | Damaged status | Not for loan | Home library | Current library | Shelving location | Date acquired | Total Checkouts | Full call number | Date last seen | Price effective from | Koha item type |
|---|---|---|---|---|---|---|---|---|---|---|---|
| London | London | Boxed set | 03/04/2023 | JCT CONTRACTS | 03/04/2023 | 03/04/2023 | Book |